Tragical-comical-historical -pastoral : study about the most horrible statement of Marxist theory (Record no. 509229)

000 -LEADER
fixed length control field 00395nam a2200133 4500
008 - FIXED-LENGTH DATA ELEMENTS--GENERAL INFORMATION
fixed length control field 190426b ||||| |||| 00| 0 eng d
100 ## - MAIN ENTRY--PERSONAL NAME
Personal name Mesterhazi, Miklos
245 ## - TITLE STATEMENT
Title Tragical-comical-historical -pastoral : study about the most horrible statement of Marxist theory
260 ## - PUBLICATION, DISTRIBUTION, ETC. (IMPRINT)
Date of publication, distribution, etc 2018
300 ## - PHYSICAL DESCRIPTION
Extent p.61-91.
773 ## - HOST ITEM ENTRY
Main entry heading Social Scientist
906 ## - LOCAL DATA ELEMENT F, LDF (RLIN)
Subject DIP Marx, Karl
942 ## - ADDED ENTRY ELEMENTS (KOHA)
Source of classification or shelving scheme
Item type Articles
Holdings
Withdrawn status Lost status Source of classification or shelving scheme Damaged status Not for loan Permanent location Current location Date acquired Serial Enumeration / chronology Barcode Date last seen Koha item type
          Indian Institute of Public Administration Indian Institute of Public Administration 2019-04-26 46(11-12), Nov-Dec, 2018: p.61-91. AR119512 2019-04-26 Articles

Powered by Koha